• 首页
  • 本馆介绍
  • 公告通知
  • 最新文献
  • 馆藏检索
  • 电子资源
  • 读者导购
  • 参考咨询
  • 我的图书馆
  • 登录
  • 详细信息显示
  • 放入我的书架
  • 预约/预借图书
  • 作者相关作品
  • 分类相关作品
  • 丛书相关作品
  • 出版社相关作品

书目信息

  • 表格格式
  • 工作单格式
  • 卡片格式
题名:
有线广播
    
 
作者: 陈亚东 著
分册:  
出版信息: 北京   北京人民出版社  1977
页数: 110页
开本: 19cm
丛书名: 自然科学小丛书
单 册:
中图分类: TN933
科图分类:
主题词: 有线电广播系统
电子资源:
ISBN:
000 00621nam2 2200241 45
001 0177002974
005 20060812171641.50
010    @dCNY0.26
100    @a19951014d1977 em y0chiy0121 ea
101 0  @achi
102    @aCN@b110000
105    @ay z 000yy
200 10 @a有线广播@Ayou xian guang bo@f陈亚东著
210    @a北京@c北京人民出版社@d1977
215    @a110页@d19cm
225 2  @a自然科学小丛书
410  0 @120010@a自然科学小丛书
606    @a有线电广播系统
690    @aTN933@v3 
701  0 @a陈亚东@Achen ya dong@4著
801  0 @aCN@bTSSF@c20060812
801  2 @aCN@bNLC@c20060802
905    @dTN933@e18
    
    有线广播/陈亚东著.-北京:北京人民出版社,1977
    110页;19cm.-(自然科学小丛书)
    
    
    ISBN :CNY0.26
    
●
相关链接 在E读中查询图书 在五车中查询图书 在当当中查询图书 在豆瓣中查询图书


正题名:有线广播     索取号:TN933/18         预约/预借

序号 登录号 条形码 馆藏地/架位号 状态 备注
1 0438176   204381766   密集书库/ [索取号:TN933/18] 在馆    
2 0438484   204384843   密集书库/ [索取号:TN933/18] 在馆    
3 0439527   204395270   密集书库/ [索取号:TN933/18] 在馆    
4 0439528   204395289   密集书库/ [索取号:TN933/18] 在馆    
5 0452501   204525013   密集书库/ [索取号:TN933/18] 在馆    
唐山师范学院图书馆 欢迎您!
大连网信软件有限公司© 版权所有